Mastering kali linux for advanced penetration testing : (Record no. 196232)

MARC details
000 -LEADER
fixed length control field 00787nam a2200217Ia 4500
005 - DATE AND TIME OF LATEST TRANSACTION
control field 20251118095002.0
008 - FIXED-LENGTH DATA ELEMENTS--GENERAL INFORMATION
fixed length control field 210716s2017 xx 000 0 und d
020 ## - INTERNATIONAL STANDARD BOOK NUMBER
International Standard Book Number 9781787120235
040 ## - CATALOGING SOURCE
Transcribing agency AIMIT LIBRARY
041 ## - LANGUAGE CODE
Language code of text/sound track or separate title eng
082 ## - DEWEY DECIMAL CLASSIFICATION NUMBER
Classification number 005.8
Edition number 1
Item number VELV
100 ## - MAIN ENTRY--PERSONAL NAME
Personal name Velu, Vijay Kumar.
9 (RLIN) 246082
245 ## - TITLE STATEMENT
Title Mastering kali linux for advanced penetration testing :
Remainder of title secure your network with kali linux the ultimate hackers arsenal /
Statement of responsibility, etc. By Vijay Kumar Velu.
250 ## - EDITION STATEMENT
Edition statement 2nd ed.
260 ## - PUBLICATION, DISTRIBUTION, ETC.
Place of publication, distribution, etc. Mumbai :
Name of publisher, distributor, etc. Packt Publishing Ltd :
Date of publication, distribution, etc. 2017.
300 ## - PHYSICAL DESCRIPTION
Extent viii,492p. ;
Other physical details PB
Dimensions 24 cm
650 ## - SUBJECT ADDED ENTRY--TOPICAL TERM
Topical term or geographic name entry element Goal- based penetration testing
9 (RLIN) 246083
650 ## - SUBJECT ADDED ENTRY--TOPICAL TERM
Topical term or geographic name entry element Physical security and social engineering
9 (RLIN) 246084
650 ## - SUBJECT ADDED ENTRY--TOPICAL TERM
Topical term or geographic name entry element Attacking remote access
9 (RLIN) 246085
942 ## - ADDED ENTRY ELEMENTS (KOHA)
Source of classification or shelving scheme Dewey Decimal Classification
Koha item type Book
Edition 2nd
Call number prefix 005.8 VELV
Holdings
Withdrawn status Lost status Source of classification or shelving scheme Damaged status Not for loan Collection code Home library Current library Source of acquisition Cost, normal purchase price Inventory number Total Checkouts Full call number Barcode Date last seen Cost, replacement price Price effective from Koha item type
    Dewey Decimal Classification     MCA St Aloysius Institute of Management & Information Technology St Aloysius Institute of Management & Information Technology Knowledge World 1399.00 Bill no:511; Bill dt:2018-03-05   005.8 VELV MCA15747 05/23/2026 1091.22 07/16/2021 Book
          MCA St Aloysius Institute of Management & Information Technology St Aloysius Institute of Management & Information Technology Knowledge World 1399.00     005.8 VELV MCA16208 05/23/2026 1049.25 07/16/2021 Book